000
00304nam a2200121Ia 4500
005
20251222143157.0
008
251222s9999||||xx |||||||||||||| ||spa||
020
_a
978-84-8322-287-6
082
_a
004.68/C61
245
0
_a
Fundamentos de Redes Inalámbricas
264
_b
Pearson Educación
942
_c
LIB
999
_c
12923
_d
12923